| 000 | 00758cam a22002651 4500 | ||
|---|---|---|---|
| 999 |
_c21697 _d21697 |
||
| 001 | 15690885 | ||
| 003 | BDDh-ASL | ||
| 005 | 20231015030029.0 | ||
| 008 | 090407s1966 pk b 000 0 eng | ||
| 010 | _asa 67002486 | ||
| 040 |
_aDLC _cDLC _dDLC _dBDDh-ASL |
||
| 043 |
_aa-ii _aa-pk |
||
| 050 | 0 | 0 |
_aDS383.5.I5 _bB4 |
| 082 |
_a954.7 _bBES |
||
| 100 | 1 | _aBeg, Aziz. | |
| 245 | 1 | 0 | _aPakistan faces India / |
| 260 |
_aLahore : _bBabur and Amer Publications, _c1966. |
||
| 300 |
_a282 p. : _bmaps. _c21 cm. |
||
| 651 | 0 |
_aPakistan _xForeign relations _zIndia. |
|
| 651 | 0 |
_aIndia _xForeign relations _zPakistan. |
|
| 906 |
_a7 _bcbc _cpremver _d3 _encip _f19 _gy-gencatlg |
||
| 942 |
_2ddc _cBK |
||